[Event "?"]
[Site "?"]
[Date "2009.08.21"]
[Round "1.1"]
[White "Mladenov, Svetlin"]
[Black "Proba, Stefan"]
[Result "1-0"]
[WhiteElo "2415"]
[BlackElo "1882"]
[PlyCount "57"]
[EventDate "2009.??.??"]
[WhiteTeam "Schachverein Wattenscheid 1930"]
[BlackTeam "Ford-Schachfreunde Köln e.V."]

1. e4 c6 2. d4 d5 3. exd5 cxd5 4. c4 Nf6 5. Nc3 e6 6. Nf3 Bb4 7. cxd5 exd5 8.
Qa4+ Nc6 9. Bb5 Bxc3+ 10. bxc3 O-O 11. O-O Qc7 12. Ba3 Re8 13. Ne5 Nxe5 14.
Bxe8 Nf3+ 15. gxf3 Bh3 16. Qb4 Rxe8 17. Rfe1 Rxe1+ 18. Rxe1 h6 19. Re5 Nd7 20.
Re8+ Kh7 21. Qb1+ f5 22. Qe1 Nb6 23. Qe6 Nd7 24. Qg8+ Kg6 25. Re7 Qxc3 26.
Rxg7+ Kh5 27. Qf7+ Kh4 28. Be7+ Nf6 29. Bxf6# 1-0

[Event "?"]
[Site "?"]
[Date "2009.08.21"]
[Round "1.2"]
[White "Reinhard, Klaus"]
[Black "Rotstein, Jefim"]
[Result "0-1"]
[WhiteElo "1868"]
[BlackElo "2226"]
[PlyCount "116"]
[EventDate "2009.??.??"]
[WhiteTeam "vereinslos"]
[BlackTeam "Schachfreunde Brück-Rath-Heumar"]

1. f4 d5 2. Nf3 g6 3. e3 Bg7 4. Be2 c5 {[%emt 0:00:00]} 5. O-O Nf6 6. d4 cxd4
7. exd4 O-O 8. c3 b6 9. Ne5 Ne4 10. Nd2 f6 11. Nd3 Nc6 12. Qa4 Bd7 13. Qb3 e6
14. Nf3 Qe7 15. Bd2 Rac8 16. Rae1 Na5 17. Qd1 Nc4 18. Bc1 a5 19. Nf2 Ncd6 20.
Bd3 Bc6 21. Re2 Qd7 22. Rfe1 Ba4 23. Bc2 Bxc2 24. Rxc2 Nxf2 25. Rxf2 Ne4 26.
Rfe2 a4 27. a3 Qb5 28. Nd2 f5 29. Nf3 Rc7 30. Ng5 Re8 31. Re3 Bf6 32. Rh3 Bxg5
33. fxg5 Rf7 34. Rh4 f4 35. Rg4 Rf5 36. h4 Ref8 37. Rf1 Ng3 38. Rf2 e5 39. dxe5
Rxe5 40. Kh2 Ne2 41. Bxf4 Re4 42. g3 Rfe8 43. h5 d4 44. hxg6 hxg6 45. cxd4 Nxd4
46. Be3 Rxg4 47. Qxg4 Nf5 48. Bd4 Qd5 49. Bf6 Re1 50. Rg2 Qxg2+ 51. Kxg2 Ne3+
52. Kf2 Nxg4+ 53. Kxe1 Nxf6 54. gxf6 Kf7 55. Kf2 Kxf6 56. Kf3 Kg5 57. g4 Kh4
58. Kf4 g5+ 0-1

[Event "?"]
[Site "?"]
[Date "2009.08.21"]
[Round "1.3"]
[White "Marcziter, Dmitrii"]
[Black "Viganske, Christian"]
[Result "1-0"]
[WhiteElo "2201"]
[BlackElo "1866"]
[PlyCount "53"]
[EventDate "2009.??.??"]
[WhiteTeam "Kölner Schachklub Dr. Lasker 186"]
[BlackTeam "Schachklub Turm Euskirchen 65"]

1. d4 Nf6 2. Nf3 e6 3. c4 Bb4+ 4. Nc3 O-O 5. Qc2 d6 6. a3 Bxc3+ 7. Qxc3 Re8 8.
b4 b6 9. g3 Bb7 10. Bg2 Nbd7 11. Bb2 c5 12. O-O Rc8 13. dxc5 bxc5 14. b5 d5 15.
e3 dxc4 16. Rfd1 Qe7 17. a4 Red8 18. a5 Nf8 19. a6 Bd5 20. Ne5 Bxg2 21. Kxg2
Rxd1 22. Rxd1 Nd5 23. Nc6 $1 Qg5 24. Rxd5 exd5 25. Ne7+ Kh8 26. Nxc8 Ne6 27.
Qe5 1-0

[Event "?"]
[Site "?"]
[Date "2009.08.21"]
[Round "1.4"]
[White "Wulfken, Christof"]
[Black "Vasiljev, Jurij"]
[Result "1-0"]
[WhiteElo "1862"]
[BlackElo "2095"]
[PlyCount "99"]
[EventDate "2009.??.??"]
[WhiteTeam "Godesberger Schachklub 1929 e.V."]
[BlackTeam "Schachfreunde Moers e.V."]

1. d4 Nf6 2. Nf3 d5 3. c4 e6 4. Bg5 Be7 5. e3 O-O 6. Nc3 Nbd7 7. Rc1 c6 8. c5
Ne4 9. Bf4 f5 10. Ne5 g5 11. Nxd7 Bxd7 12. Be5 Bf6 13. Bxf6 Qxf6 14. f3 Nxc3
15. Rxc3 e5 16. dxe5 Qxe5 17. Qd4 Rae8 18. Kf2 f4 19. Qxe5 Rxe5 20. exf4 gxf4
21. Rc2 Bf5 22. Re2 Rfe8 23. Rxe5 Rxe5 24. Be2 Kg7 25. Rd1 Kg6 26. Rd4 Kg5 27.
h4+ Kxh4 28. g3+ Kh5 (28... Kh3 29. Bf1+ Kh2 30. Rxf4) (28... Kg5 29. gxf4+)
29. g4+ Bxg4 30. fxg4+ Kg5 31. Bf3 b5 32. Rd1 a5 33. Re1 Kf6 34. Rh1 Kg7 35.
Rh5 Rxh5 36. gxh5 Kf6 37. Ke2 h6 38. Kd3 Ke5 39. a3 b4 40. axb4 axb4 41. Bg4 b3
42. Bf3 Kf5 43. Kd4 Kf6 44. Bd1 Kf5 45. Bxb3 Kg4 46. Bd1+ Kg3 47. b4 f3 48. b5
cxb5 49. c6 f2 50. Be2 1-0

[Event "?"]
[Site "?"]
[Date "2009.08.21"]
[Round "1.5"]
[White "Vandenbergen, Nicolas"]
[Black "Wolff, Michael"]
[Result "1-0"]
[WhiteElo "2029"]
[BlackElo "1858"]
[PlyCount "99"]
[EventDate "2009.??.??"]
[WhiteTeam "Schachklub Turm Euskirchen 65"]
[BlackTeam "SC Matt im Park Ffm"]

1. d4 Nf6 2. c4 c5 3. d5 b5 4. cxb5 a6 5. f3 d6 6. e4 g6 7. Nc3 Bg7 8. Bd3 axb5
9. Bxb5+ Bd7 10. Bc4 Qa5 11. Nge2 Na6 12. O-O O-O 13. Bg5 Rfb8 14. Rb1 Nc7 15.
f4 Bf8 16. h3 Qb4 17. Qd3 Bc8 18. a3 Qa5 19. Kh1 Ba6 20. e5 Bxc4 21. Qxc4 Nd7
22. Qe4 f5 23. Qe3 c4 24. Rfd1 Qc5 25. Qg3 Nb6 26. Nd4 Nbxd5 27. Nxd5 Qxd5 28.
Nxf5 Qf7 29. Nd4 d5 30. f5 e6 31. fxg6 Qxg6 32. Qh4 Bg7 33. Nc6 Re8 34. Ne7+
Rxe7 35. Bxe7 Bxe5 36. Rf1 Re8 37. Bb4 Kh8 38. Rbe1 Bg3 39. Qd4+ e5 40. Qc5
Bxe1 41. Bxe1 Rg8 42. Rf2 Qe4 43. Bc3 Ne6 44. Qc6 Nd4 45. Qf6+ Rg7 46. a4 h5
47. Qh6+ Qh7 48. Qe3 Nf5 49. Qxe5 Ng3+ 50. Qxg3 1-0

[Event "?"]
[Site "?"]
[Date "2009.08.21"]
[Round "1.6"]
[White "Calder, Dennis"]
[Black "Begri, Robert"]
[Result "0-1"]
[WhiteElo "1857"]
[BlackElo "2011"]
[PlyCount "110"]
[EventDate "2009.??.??"]
[WhiteTeam "Bremer SG von 1877"]
[BlackTeam "Tischtennisclub Grün-Weiß-Fritzd"]

1. d4 Nf6 2. Nf3 e6 3. c4 b6 4. a3 Bb7 5. g3 d5 6. Bg2 dxc4 7. Qa4+ Nbd7 8. O-O
Be7 9. Qxc4 O-O 10. Nc3 c5 11. Rd1 Rc8 12. Qa4 Nd5 13. Ne5 Nxc3 14. bxc3 Bxg2
15. Kxg2 Rc7 16. Nc6 Qa8 17. d5 Bf6 18. Bf4 e5 19. Be3 Nb8 20. Nxb8 Qxb8 21. c4
Qb7 22. Qb3 e4 23. Rab1 Be5 24. Bd2 f5 25. e3 g5 26. Bc3 Bxc3 27. Qxc3 Rg7 28.
Qe5 Re7 29. Qd6 Kg7 30. Qc6 Qxc6 31. dxc6 Rf6 32. Rd5 Kg6 33. Rbd1 Rxc6 34. Rd7
Rc7 35. R7d6+ Kg7 36. R1d5 Rf7 37. g4 Rf6 38. Rxf6 Kxf6 39. Rxf5+ Kg6 40. Rd5
b5 41. cxb5 c4 42. Rd6+ Kf7 43. Rc6 Rxc6 44. bxc6 Ke7 45. Kf1 Kd6 46. Ke2 Kxc6
47. Kd2 Kb5 48. Kc3 a5 49. Kd4 Ka4 50. Kxc4 Kxa3 51. Kc3 a4 52. Kc2 Kb4 53. Kb2
Kc4 54. Kc2 a3 55. Kb1 Kd3 0-1

[Event "?"]
[Site "?"]
[Date "2009.08.21"]
[Round "1.7"]
[White "Scholl, Martin"]
[Black "Fabregas, Oliver"]
[Result "1-0"]
[WhiteElo "2004"]
[BlackElo "1857"]
[PlyCount "83"]
[EventDate "2009.??.??"]
[WhiteTeam "SV Altbach e.V."]
[BlackTeam "SV Laatzen"]

1. c4 e5 2. Nc3 Bb4 3. Qc2 Nc6 4. e3 Nge7 5. Nge2 d5 6. cxd5 Nxd5 7. Nxd5 Qxd5
8. Nc3 Bxc3 9. Qxc3 Be6 10. b3 O-O 11. Bb2 Rad8 12. f3 Rfe8 13. Bc4 Qa5 14.
Qxa5 Nxa5 15. Be2 f6 16. Rc1 Re7 17. Rf1 b6 18. b4 Nb7 19. g4 c5 20. a3 Red7
21. Bc3 c4 22. f4 e4 23. h4 Nd6 24. a4 a6 25. f5 Bd5 26. Bd4 b5 27. axb5 axb5
28. Ra1 Ra8 29. Rxa8+ Bxa8 30. Kf2 h5 31. Kg3 hxg4 32. Kxg4 Nf7 33. Ra1 Rd8 34.
Kf4 Bc6 35. Ra6 Ne5 36. Bxe5 fxe5+ 37. Kxe5 Rxd2 38. Bxc4+ bxc4 39. Rxc6 c3 40.
Rxc3 Rd3 41. Rc8+ Kh7 42. Kxe4 1-0

[Event "?"]
[Site "?"]
[Date "2009.08.21"]
[Round "1.9"]
[White "Evers, Leo"]
[Black "Eigemann, Julian"]
[Result "1/2-1/2"]
[WhiteElo "1953"]
[BlackElo "1846"]
[PlyCount "26"]
[EventDate "2009.??.??"]
[WhiteTeam "Schachfreunde Köln-Mülheim e.V."]
[BlackTeam "Schachfreunde Köln-Mülheim e.V."]

1. d4 d5 2. c4 c6 3. cxd5 cxd5 4. Nf3 Nf6 5. Nc3 Nc6 6. Bf4 Bf5 7. e3 e6 8. Bd3
Bd6 9. Bxd6 Bxd3 10. Qxd3 Qxd6 11. O-O O-O 12. Rfc1 Rfc8 13. a3 a6 1/2-1/2

[Event "?"]
[Site "?"]
[Date "2009.08.21"]
[Round "1.10"]
[White "Stelzer, Wolfgang"]
[Black "Zotkin, Alexander"]
[Result "1/2-1/2"]
[WhiteElo "1782"]
[BlackElo "1931"]
[PlyCount "81"]
[EventDate "2009.??.??"]
[WhiteTeam "SC Wittlich 1947"]
[BlackTeam "Schachfreunde Köln-Longerich 195"]

1. c4 Nf6 2. Nc3 g6 3. g3 Bg7 4. Bg2 O-O 5. e3 e6 6. Nge2 c6 7. O-O d5 8. cxd5
cxd5 9. d4 Bd7 10. b3 Re8 11. Nf4 Bc6 12. Nd3 Nbd7 13. f4 Rc8 14. Bb2 Bf8 15.
Rc1 Qa5 16. h3 Ne4 17. Bxe4 dxe4 18. Nf2 f5 19. g4 Nb6 20. gxf5 gxf5 21. Qh5
Re7 22. Kh2 Bg7 23. Rg1 Nd5 24. Nxd5 Qxd5 25. Rc5 Qd7 26. Ba3 Rf7 27. h4 Bd5
28. Nh3 Rf6 29. Ng5 Rh6 30. Rxc8+ (30. Qf7+ Qxf7 31. Rxc8+ Qf8 32. Bxf8 $18)
30... Qxc8 31. Qf7+ Kh8 32. Nh3 Qg8 33. Qe7 Rg6 34. Rxg6 hxg6 35. Ng5 Qc8 36.
Kh3 e5 37. dxe5 Bg8 38. Qc5 Qd8 39. Qd6 Qa5 40. Qb4 (40. Qxg6 $18) 40... Qa6
41. Kg3 1/2-1/2

[Event "?"]
[Site "?"]
[Date "2009.08.21"]
[Round "1.11"]
[White "Reichelt, Frank"]
[Black "Gossmann, Jochen"]
[Result "1-0"]
[WhiteElo "1917"]
[BlackElo "1781"]
[PlyCount "59"]
[EventDate "2009.??.??"]
[WhiteTeam "Ford-Schachfreunde Köln e.V."]
[BlackTeam "Schachfreunde Köln-Mülheim e.V."]

1. e4 e6 2. Nf3 d5 3. e5 c5 4. b4 cxb4 5. d4 Nc6 6. Bd3 Be7 7. O-O Bd7 8. Be3
Qc7 9. Nbd2 f5 10. Nb3 Na5 11. Nxa5 Qxa5 12. Qe2 h5 13. Bd2 Qb6 14. Rfb1 g5 15.
Bxg5 Bxg5 16. Nxg5 Qxd4 17. Bb5 a6 18. Nxe6 Bxb5 19. Qxb5+ axb5 20. Nxd4 Ne7
21. Nxb5 O-O 22. Rxb4 Nc6 23. Rh4 Nxe5 24. Rxh5 Rf6 25. Nd4 Ra4 26. Nxf5 Ng4
27. f3 Rxf5 28. Rxf5 Ne3 29. Re5 Nxc2 30. Rc1 1-0

[Event "?"]
[Site "?"]
[Date "2009.08.21"]
[Round "1.12"]
[White "Fieberg, Christoph"]
[Black "Hirth, Ulrich"]
[Result "0-1"]
[WhiteElo "1779"]
[BlackElo "1916"]
[PlyCount "74"]
[EventDate "2009.??.??"]
[WhiteTeam "Bergische Schachfreunde 1923 Ber"]
[BlackTeam "Schachklub Turm Euskirchen 65"]

1. e4 g6 2. d4 Bg7 3. c3 d5 4. exd5 Qxd5 5. Nf3 c5 6. Bb5+ Bd7 7. Bxd7+ Nxd7 8.
O-O Ngf6 9. Qe2 O-O 10. Na3 cxd4 11. Nxd4 a6 12. Rd1 Qc5 13. Be3 Qc7 14. Bg5 e5
15. Nf3 Rfe8 16. Nc4 b5 17. Ne3 Nb6 18. Bxf6 Bxf6 19. Nd5 Nxd5 20. Rxd5 Rad8
21. Rad1 Rxd5 22. Rxd5 e4 23. Ne1 Be5 24. h3 f5 25. a4 Qc6 26. Qd1 bxa4 27. Ra5
Re6 28. Rxa4 Rd6 29. Qb3+ Kg7 30. Rc4 Qd7 31. Rc5 Bf6 32. Qc4 Rd1 33. Kf1 Qd2 (
33... Qd3+ 34. Qxd3 exd3 $19) 34. Rc7+ Kh6 35. Qe2 Qc1 36. Qe3+ Qxe3 37. fxe3
Bh4 0-1

[Event "?"]
[Site "?"]
[Date "2009.08.21"]
[Round "1.14"]
[White "Schwab, Wolfgang"]
[Black "Spisla, Dominik"]
[Result "0-1"]
[WhiteElo "1556"]
[BlackElo "1807"]
[PlyCount "188"]
[EventDate "2009.??.??"]
[WhiteTeam "Schachverein Turm Sankt Augustin"]
[BlackTeam "Brackweder Schachklub von 1924"]

1. c4 e5 2. Nc3 Nc6 3. g3 g6 4. Bg2 Bg7 5. e3 d6 6. Nge2 f5 7. O-O Nf6 8. a3 a5
9. d3 O-O 10. Bd2 h6 11. Rb1 Be6 12. b3 Qd7 13. f4 d5 14. Qc1 Rfd8 15. Rd1 d4
16. exd4 exd4 17. Nb5 Nh7 18. Be1 Bf6 19. Bf2 Qg7 20. Qb2 Bc8 21. Bd5+ Kh8 22.
Qd2 Nf8 23. Re1 Rd7 24. a4 Ne7 25. Bg2 c6 26. Na3 b6 27. b4 axb4 28. Rxb4 Ra6
29. Reb1 Rda7 30. Nc2 Nd7 31. h3 c5 32. R4b2 Rxa4 33. Nc1 Bb7 34. Qe2 Bxg2 35.
Kxg2 Nc8 36. Qe6 Qe7 37. Qc6 Nd6 38. Nb3 Qf8 39. Re1 Qa8 40. Qxa8+ Rxa8 41. Re6
Nf7 42. Ne1 Kg7 43. Rbe2 Rb4 44. Nc1 Rb1 45. Ra2 Rxa2 46. Nxa2 Ra1 47. Re2 Nd8
48. Rc2 Nc6 49. Rb2 g5 50. Nc2 Rd1 51. Ne1 gxf4 52. gxf4 Bd8 53. Kf3 Bc7 54.
Ke2 Ra1 55. Bg3 Ndb8 56. Kd2 Na6 57. Nc1 Nab4 58. Nc2 Rxc1 59. Nxb4 Nxb4 60.
Rxb4 Rg1 61. Ra4 Rxg3 62. Ra7 Rxh3 63. Rxc7+ Kg6 64. Rc6+ Kh5 65. Rxb6 Kg4 66.
Rb5 Kxf4 67. Rxc5 Rh2+ 68. Ke1 Ke3 69. Re5+ Kxd3 70. c5 f4 71. c6 Rc2 72. Re6
h5 73. Rh6 Rc5 74. Kf2 Kc2 75. c7 Rxc7 76. Rxh5 d3 77. Rd5 d2 78. Kf3 d1=Q+ 79.
Rxd1 Kxd1 80. Kxf4 Re7 81. Kf5 Kd2 82. Kf4 Kd3 83. Kf5 Kd4 84. Kf4 Rf7+ 85. Kg5
Ke4 86. Kg6 Rf1 87. Kg5 Rf2 88. Kg6 Ke5 89. Kg7 Ke6 90. Kg6 Rg2+ 91. Kh6 Kf5
92. Kh7 Kf6 93. Kh8 Kf7 94. Kh7 Rh2# 0-1

[Event "?"]
[Site "?"]
[Date "2009.08.21"]
[Round "1.15"]
[White "Lantsman, Boris"]
[Black "Jansen, Kurt"]
[Result "1-0"]
[WhiteElo "1890"]
[BlackElo "1555"]
[PlyCount "39"]
[EventDate "2009.??.??"]
[WhiteTeam "Ford-Schachfreunde Köln e.V."]
[BlackTeam "Schachklub Sülz-Klettenberg"]

1. e4 e6 2. d4 d5 3. Nc3 Bb4 4. e5 c5 5. a3 cxd4 6. axb4 dxc3 7. Qg4 g6 {
[%emt 0:00:00]} 8. f4 Qc7 9. Qd1 cxb2 10. Bxb2 Ne7 11. Bd3 Qb6 12. Qd2 Bd7 13.
Nf3 Bb5 14. Bd4 Qc6 15. Rxa7 Rxa7 16. Bxa7 Nd7 17. Nd4 Qa6 18. Nxb5 O-O 19. Bd4
Qa1+ 20. Bxa1 1-0

[Event "?"]
[Site "?"]
[Date "2009.08.21"]
[Round "1.18"]
[White "Margenberg, Volker"]
[Black "Höck, Sebastian"]
[Result "0-1"]
[WhiteElo "1523"]
[BlackElo "1850"]
[PlyCount "54"]
[EventDate "2009.??.??"]
[WhiteTeam "Schachverein Wiehl 1923 e.V."]
[BlackTeam "Brühler Schachklub 1920 e.V."]

1. d4 d5 2. Nf3 Nf6 3. e3 e6 4. c4 c5 5. Nc3 cxd4 6. Nxd4 Nc6 7. Nxc6 bxc6 8.
cxd5 cxd5 9. Bd3 Be7 10. O-O O-O 11. Re1 Bd7 12. a3 Rb8 13. Rb1 Qc7 14. Bd2
Rfc8 15. Ba6 Rd8 16. Qe2 Qb6 17. Rec1 Be8 18. Bd3 d4 19. Ne4 Qb3 20. Bc2 d3 21.
Nxf6+ Bxf6 22. Bxb3 dxe2 23. Ba5 Rxb3 24. Bxd8 Bxd8 25. Rc8 Rd3 26. Rcc1 Ba4
27. f3 Rd1+ 0-1

[Event "?"]
[Site "?"]
[Date "2009.08.21"]
[Round "1.19"]
[White "Meul, Willi"]
[Black "Röhlich, Dirk"]
[Result "1/2-1/2"]
[WhiteElo "1933"]
[BlackElo "1519"]
[PlyCount "28"]
[EventDate "2009.??.??"]
[WhiteTeam "Schachverein 1925 Hürth-Berrenra"]
[BlackTeam "SG Trier"]

1. d4 d5 2. Nf3 Nf6 3. e3 e6 4. Bd3 Be7 5. Nbd2 Nbd7 6. O-O c5 7. c3 O-O 8. e4
dxe4 9. Nxe4 Qc7 10. Bg5 h6 11. Bh4 b6 12. Bg3 Qc6 13. Re1 Bb7 14. Qe2 Rad8
1/2-1/2

[Event "?"]
[Site "?"]
[Date "2009.08.21"]
[Round "1.20"]
[White "Wassem, Michael"]
[Black "Schlegel, Andreas"]
[Result "0-1"]
[WhiteElo "1498"]
[BlackElo "1684"]
[PlyCount "74"]
[EventDate "2009.??.??"]
[WhiteTeam "Schachklub Turm Euskirchen 65"]
[BlackTeam "Schachklub Kerpen 64 e.V."]

1. d4 d5 2. c4 c6 3. Nf3 Nf6 4. Nc3 e6 5. a3 dxc4 6. e4 b5 7. Bg5 Be7 8. a4 Qb6
9. e5 Nd5 10. Nxd5 cxd5 11. Bxe7 Kxe7 12. Qd2 g6 13. Qb4+ Ke8 14. Qxb5+ Bd7 15.
Qxb6 axb6 16. Be2 Rxa4 17. O-O Ke7 18. Rfb1 Rxa1 19. Rxa1 Nc6 20. Nd2 b5 21. f4
Rb8 22. Nf3 b4 23. h4 Rb7 24. g4 Ra7 25. Rb1 Ra2 26. Bd1 b3 27. h5 Nb4 28. Ne1
Ba4 29. g5 Nc2 30. Nf3 Ne3 31. hxg6 hxg6 32. Be2 c3 33. Bd3 c2 34. Rc1 Rxb2 35.
Nd2 Ra2 36. Re1 b2 37. Bxc2 Nxc2 0-1

[Event "?"]
[Site "?"]
[Date "2009.08.21"]
[Round "1.21"]
[White "Neumann, Thomas"]
[Black "Kronseder, Michael"]
[Result "0-1"]
[WhiteElo "1682"]
[BlackElo "1489"]
[PlyCount "38"]
[EventDate "2009.??.??"]
[WhiteTeam "SF Schlebusch"]
[BlackTeam "Schachverein 1925 Hürth-Berrenra"]

1. e4 d6 2. d4 Nf6 3. Nc3 c6 4. Bf4 Qa5 5. Bd3 e5 6. dxe5 dxe5 7. Bd2 Bc5 8.
Nf3 Bg4 9. O-O O-O 10. h3 Bh5 11. a3 Qc7 12. Na4 Be7 13. c4 Rd8 14. Qb3 Bxf3
15. gxf3 Qd7 16. Bb4 Bxb4 17. axb4 Qxh3 18. Nb6 Nh5 19. Rfd1 Rd6 0-1

[Event "?"]
[Site "?"]
[Date "2009.08.21"]
[Round "1.22"]
[White "Sloka, Andreas"]
[Black "Karwatzki, Hans-Jürgen"]
[Result "0-1"]
[WhiteElo "1753"]
[BlackElo "1774"]
[PlyCount "46"]
[EventDate "2009.??.??"]
[WhiteTeam "Schachgemeinschaft Siebengebirge"]
[BlackTeam "Vereinigung der SF Stadtverw. Bo"]

1. e4 e5 2. Nf3 Nc6 3. Bb5 Nf6 4. d3 Bc5 5. Bxc6 dxc6 6. Nxe5 Qd4 7. O-O Qxe5
8. Nd2 Bg4 9. Qe1 O-O 10. c3 Bd6 11. g3 Bh3 12. d4 Qh5 13. e5 Ng4 14. exd6 Bxf1
15. Nxf1 cxd6 16. Qe7 Rfe8 17. Qxb7 Qf5 18. Bf4 g5 19. Qxc6 gxf4 20. Re1 Rxe1
21. Qxa8+ Kg7 22. Qf3 Rxf1+ 23. Kxf1 Nxh2+ 0-1

[Event "?"]
[Site "?"]
[Date "2009.08.21"]
[Round "1.24"]
[White "Ziemer, Wolfgang"]
[Black "Knütter, Helmut"]
[Result "0-1"]
[WhiteElo "1482"]
[BlackElo "1626"]
[PlyCount "157"]
[EventDate "2009.??.??"]
[WhiteTeam "Schachclub Erkrath 1973"]
[BlackTeam "Schachklub Sülz-Klettenberg"]

1. Nf3 d5 2. d4 g6 3. e3 Bg7 4. b3 Nf6 5. Bb2 O-O 6. c4 dxc4 7. Bxc4 e6 8. O-O
b6 9. Nbd2 Bb7 10. Rc1 Ne4 11. Be2 Nxd2 12. Qxd2 Nd7 13. Rfd1 Rc8 14. b4 Re8
15. a4 Nf6 16. Qd3 Nd5 17. b5 Ne7 18. Ne5 Bxe5 19. dxe5 c5 20. Qxd8 Rexd8 21.
Rxd8+ Rxd8 22. Rd1 Rxd1+ 23. Bxd1 Bd5 24. f3 Bc4 25. e4 Nc8 26. Kf2 a6 27. bxa6
Bxa6 28. Ke3 Na7 29. Be2 Bb7 30. Bd3 Bc6 31. Bc2 Nc8 32. g4 Ne7 33. g5 Bd7 34.
Ba3 Nc6 35. f4 Kf8 36. Bb2 Ke8 37. Bc3 Kd8 38. Bd1 Kc7 39. h4 Na7 40. Kd3 Bc6
41. h5 b5 42. axb5 Bxb5+ 43. Ke3 Nc6 44. hxg6 hxg6 45. Bc2 Kb6 46. f5 Ne7 47.
fxe6 fxe6 48. Bb3 Bd7 49. Kd3 Nc6 50. Ke3 Nd8 51. Bc4 Bb5 52. Bb3 c4 53. Bc2
Bd7 54. Bd4+ Kb5 55. Bc3 Nc6 56. Ba1 Kb4 57. Kd2 Nd8 58. Bc3+ Ka3 59. Ke3 Nf7
60. Kd4 Ba4 61. Bxa4 Kxa4 62. Kxc4 Nxg5 63. Kd3 Kb5 64. Ke3 Kc4 65. Ba5 Nf7 66.
Bc7 Kb5 67. Kf4 Kc4 68. Ke3 Kc5 69. Bb8 Kb6 70. Bd6 Kc6 71. Bb8 Kd7 72. Kf4 Ke7
73. Ba7 Kf8 74. Bc5+ Kg7 75. Bd4 g5+ 76. Kg4 Kg6 77. Bc3 Nh6+ 78. Kg3 Kh5 79.
Bd2 {ZÜ} 0-1

[Event "?"]
[Site "?"]
[Date "2009.08.21"]
[Round "1.25"]
[White "Kenen, Albert"]
[Black "Röhlich, Anna"]
[Result "0-1"]
[WhiteElo "1478"]
[BlackElo "1229"]
[PlyCount "76"]
[EventDate "2009.??.??"]
[WhiteTeam "Schachfreunde Köln-Longerich 195"]
[BlackTeam "SG Trier"]

1. d4 Nf6 2. c4 g6 3. Nc3 Bg7 4. e4 d6 5. Be2 O-O 6. h3 Nbd7 7. Bf4 e5 8. Bg5
h6 9. Be3 Kh7 10. Nf3 Ng8 11. g4 Ne7 12. Qd2 a6 13. a4 b6 14. h4 Nf6 15. g5 Ng4
16. gxh6 Bf6 17. Bg5 Ng8 18. d5 N8xh6 19. h5 Kg7 20. Nd1 Rh8 21. hxg6 fxg6 22.
Ra3 Nf7 23. Bxf6+ Nxf6 24. Rxh8 Qxh8 25. Qd3 Qh1+ 26. Bf1 Bh3 27. Ne3 Rh8 28.
Ke2 Bxf1+ 29. Nxf1 Nh5 30. Qb1 Nf4+ 31. Kd2 Rh3 32. Qe1 Rxf3 33. Ne3 Qxe1+ 34.
Kxe1 Ng5 35. a5 bxa5 36. Rxa5 Nxe4 37. Rxa6 Rxf2 38. Nd1 Nd3# 0-1

[Event "?"]
[Site "?"]
[Date "2009.08.21"]
[Round "1.26"]
[White "Fieberg, Samuel"]
[Black "Ott, Lothar"]
[Result "1-0"]
[WhiteElo "1169"]
[BlackElo "1441"]
[PlyCount "127"]
[EventDate "2009.??.??"]
[WhiteTeam "Schachfreunde Köln-Mülheim e.V."]
[BlackTeam "Schachfreunde Köln-Longerich 195"]

1. e4 g6 2. d4 Bg7 3. Nf3 d6 4. Be2 Nf6 5. Nc3 O-O 6. O-O c6 7. Bf4 e6 8. Qd2
Qa5 9. Bh6 Nbd7 10. Bxg7 Kxg7 11. Rad1 b5 12. a3 b4 13. axb4 Qxb4 14. b3 Bb7
15. Ra1 Nb6 16. Ra2 d5 17. exd5 Nfxd5 18. Nxd5 Qxd2 19. Nxd2 Nxd5 20. Raa1 Nc3
21. Bf3 Rfd8 22. Nc4 Rxd4 23. Na5 Rb8 24. Bxc6 Rb4 25. Bxb7 R8xb7 26. Nxb7 Rxb7
27. Rfe1 Rc7 28. Re3 Nd5 29. Re2 Nc3 30. Rd2 Ne4 31. Rdd1 Rxc2 32. Rxa7 Nc3 33.
Re1 Rb2 34. h3 Rxb3 35. Rxe6 Rb2 36. Ree7 Ne2+ 37. Kh2 Nf4 38. Rxf7+ Kh6 39.
Rxh7+ Kg5 40. Ra5+ Kf6 41. Ra6+ Ne6 42. h4 Rxf2 43. h5 g5 44. Rh6+ Kf5 45.
Raxe6 Kg4 46. Re5 Kh4 47. Re4+ g4 48. Rg6 Kxh5 49. Rgxg4 Rb2 50. Rh4+ Kg5 51.
Ref4 Rd2 52. Rhg4+ Kh5 53. Kh3 Rd3+ 54. g3 Rd1 55. Rf5+ Kh6 56. Rf2 Kh5 57. Rh2
Rc1 58. Rf4 Kg5 59. Rhf2 Rc5 60. R2f3 Rd5 61. Rg4+ Kh5 62. Rf6 Re5 63. Rf8 Re6
64. Rfg8 1-0

[Event "?"]
[Site "?"]
[Date "2009.08.21"]
[Round "1.27"]
[White "Fimmers, Heinrich"]
[Black "Rieger, Angelique"]
[Result "1/2-1/2"]
[WhiteElo "1438"]
[BlackElo "1149"]
[PlyCount "74"]
[EventDate "2009.??.??"]
[WhiteTeam "Schachgemeinschaft Kalker/Deutze"]
[BlackTeam "Schachverein Fideler Bauer Lever"]

1. d4 Nf6 2. c4 c5 3. d5 b5 4. e3 d6 5. cxb5 a6 6. Nc3 axb5 7. Bxb5+ Nbd7 8.
Nge2 g6 9. O-O Bg7 10. Qc2 O-O 11. e4 Bb7 12. Rd1 Qc7 13. Be3 Nb6 14. a4 Ra5
15. Rab1 Ng4 16. Bd2 c4 17. h3 Nf6 18. Na2 Raa8 19. b3 e6 20. bxc4 exd5 21.
exd5 Nbxd5 22. Qd3 Ne7 23. Bf4 Nf5 24. Bxd6 Nxd6 25. Qxd6 Qxd6 26. Rxd6 Ne4 27.
Rdd1 Nc5 28. Nac3 Ba6 29. Rd5 Rfc8 30. Bxa6 Rxa6 31. Rb5 Nxa4 32. Nxa4 Rxa4 33.
c5 Rc4 34. g3 Bf8 35. Nf4 Bxc5 36. Nd3 Bf8 37. Rb7 R4c7 1/2-1/2

[Event "?"]
[Site "?"]
[Date "2009.08.21"]
[Round "1.28"]
[White "Schröter, Ron"]
[Black "Knobeloch, Olaf"]
[Result "0-1"]
[WhiteElo "1098"]
[BlackElo "1429"]
[PlyCount "80"]
[EventDate "2009.??.??"]
[WhiteTeam "Schachverein Horrem 1948"]
[BlackTeam "Pulheimer Sport-Club 1924/57 e.V"]

1. e4 c5 2. Bc4 d6 3. Nf3 Nf6 4. Nc3 e6 5. d3 Nc6 6. O-O Be7 7. Be3 O-O 8. Nd2
a6 9. f4 Na5 10. Ne2 Ng4 11. Rf3 b5 12. Bb3 Bb7 13. Rg3 Nxe3 14. Rxe3 c4 15.
dxc4 bxc4 16. Rc3 Bf6 17. e5 dxe5 18. Nxc4 exf4 19. Nd4 Nxc4 20. Rxc4 Qb6 21.
Kh1 Rfd8 22. c3 e5 23. Rb4 Qc7 24. Rc4 Qe7 25. Nf5 Rxd1+ 26. Rxd1 Qe6 27. Nd6
Bd5 28. Rc6 Bxb3 29. axb3 Qxb3 30. Rd2 Qa4 31. h3 Qxc6 32. Nf5 f3 33. Rf2 fxg2+
34. Rxg2 Kf8 35. Kh2 e4 36. Nd4 Bxd4 37. cxd4 e3 38. Re2 Qd6+ 39. Kg2 Qxd4 40.
Kf3 Re8 0-1

[Event "?"]
[Site "?"]
[Date "2009.08.21"]
[Round "1.29"]
[White "Röhlich, Philipp"]
[Black "Hingst, Dieter Max Otto"]
[Result "1-0"]
[WhiteElo "1404"]
[BlackElo "995"]
[PlyCount "64"]
[EventDate "2009.??.??"]
[WhiteTeam "SG Trier"]
[BlackTeam "Brühler Schachklub 1920 e.V."]

1. e4 e5 2. Nf3 Nc6 3. Bc4 Nf6 4. Ng5 d5 5. exd5 Nxd5 6. d4 Nxd4 7. c3 Be7 8.
Bxd5 Qxd5 9. cxd4 Qxg2 (9... Bxg5 10. Bxg5 Qxg2 $19) 10. Qf3 Qxf3 11. Nxf3 e4
12. Nfd2 e3 13. fxe3 Bh4+ 14. Ke2 Bd7 15. Nc3 O-O-O 16. Rg1 Rhg8 17. Nf3 Bf6
18. a4 Bc6 19. b4 Bxf3+ 20. Kxf3 g5 21. Ne4 Rg6 22. Nxf6 Rxf6+ 23. Ke2 Rd5 24.
Bd2 h6 25. Raf1 Rxf1 26. Rxf1 Rd6 27. Kd3 h5 28. Rxf7 g4 29. Rh7 Rg6 30. Rxh5
g3 31. Rh8+ Kd7 32. h4 Kd6 {ZÜ} 1-0

[Event "?"]
[Site "?"]
[Date "2009.08.21"]
[Round "1.30"]
[White "Oerder, Timon"]
[Black "Metul, Anton"]
[Result "0-1"]
[WhiteElo "967"]
[BlackElo "1402"]
[PlyCount "96"]
[EventDate "2009.??.??"]
[WhiteTeam "Schachverein Fideler Bauer Lever"]
[BlackTeam "Schachverein 1925 Hürth-Berrenra"]

1. d4 d5 2. c4 e6 3. Nc3 c6 4. Nf3 Nf6 5. Bg5 Be7 6. e3 Nbd7 7. Be2 h6 8. Bh4
Bb4 9. O-O Bd6 10. Qd3 Qc7 11. Bg3 dxc4 12. Qxc4 Nb6 13. Qd3 Nbd5 14. Bxd6 Qxd6
15. Qd2 a6 16. e4 Nxc3 17. bxc3 Nxe4 18. Qe3 Nf6 19. Ne5 Qe7 20. Qf3 Nd5 21.
Rac1 Qf6 22. Qe4 Qf5 23. Qh4 Qg5 24. Qe4 Nf6 25. Qf3 Qf5 26. Qe3 Nd5 27. Qg3 g6
28. f4 h5 29. Bd3 Qf6 30. Rf3 Ne7 31. Qf2 Nf5 32. g3 Qg7 33. Bc2 f6 34. Nd3 b6
35. Bb3 a5 36. Re1 Kf7 37. Qe2 Re8 38. Ba4 b5 39. Bb3 a4 40. Bc2 Ra7 41. Nc5
Rae7 42. Qd2 Nd6 43. Rfe3 Nc4 44. Nxe6 Bxe6 45. Rxe6 Nxd2 46. Bxg6+ Qxg6 47. f5
Qxf5 48. Rxc6 Rxe1+ 0-1